00684nam a2200169 a 450000100100000000500170001000800410002704000250006808200150009324501460010826000430025430000210029770000280031870000320034695201190037899900170049700003638020200930075711.0120116s1977 mx 000 0 spa d aDO-SdBNPbspacBNPHU aXXXbC741m03aLa comunicación masiva en las democracias :bmanual del periodista moderno /cpor Robert D. Novak ... [et al.] ; editado por Harry M. Clor. aMéxico :bEditores Asociados,c1977. a211 p. ;c19 cm.1 aNovak, Robert D.9625731 aClor, Harry M.,eed.962574 001054708MOaGRbGRcCTd2012-01-16iLF1l0oXXX C741mp36381-10r2020-06-25w2020-06-25y4ZPréstamo en sala c35871d35871